000 00512cam a22002172a 4500
001 003038
003 AR-FADEU
008 311216n1986####xxu####################dd
020 _a84-309-1335-1
092 _a143
_bB942i
100 _aBunge, Mario
245 _aIntuición y razón
260 _aMadrid
260 _bTecnos
260 _c1986
300 _a180 p
440 _aCuadernos de filosofía y ensayo
500 _aIncluye bibliografía
650 _aFILOSOFIA; INTUICIONISMO
942 _cBDGR
999 _c8870
_d8870